000 00612nam a22001697a 4500
001 45652
003 BD-DhUET
008 260418b xxu||||| |||| 00| 0 eng d
040 _c0
_dBD-DhUET
100 _aMahfuzur Rahman Kanon, S. M.
245 _aInvestigation of causes and probable solutions of safe drinking water scarcity in selected primary educational institutions of Khulna district, Bangladesh
260 _aDhaka
_bInstitute of Water and Flood Management (IWFM), BUET
_c2025
300 _axvii, 188p.
501 _aOne CD-ROM
504 _aIncludes bibliographies
942 _cTH
999 _c45652
_d45652